| 000 | 00826nam a2200205Ii 4500 | ||
|---|---|---|---|
| 003 | JO-AjNU | ||
| 008 | 230605s9999||||xx |||||||||||||| ||und|| | ||
| 040 |
_aJO-AjNU _bara _erda _cJO-AjNU |
||
| 041 | _aara | ||
| 050 | 1 | 4 | _aPJ6127.M3792 1991 |
| 100 | 3 |
_aتاليف معروف، نايف محمود, _eauthor _99496 |
|
| 245 | 0 | 0 | _aتعلم الأملاء وتعليمه في اللغة العربية |
| 250 | _aط5، معدلة ومنقحة | ||
| 264 | 3 | 1 | _aبيروت: دار النفائس للطباعة والنشر والتوزيع، 1991 |
| 300 |
_a152ص _bيشتمل على ارجاعات ببيلوجرافية |
||
| 336 |
_atext _btxt _2rdacontent |
||
| 337 |
_aunmediated _bn _2rdamedia |
||
| 338 |
_avolume _bnc _2rdacarrier |
||
| 650 | 4 |
_aاللغة العربية - قواعد الاملاء والهجاء _99497 |
|
| 999 |
_aA1331 _c4899 _d4899 |
||